Heartstopper vol. 2 /

Furkejuvvon:
Bibliográfalaš dieđut
Váldodahkki: Oseman, Alice
Eará dahkkit: Matteuzzi, Francesco
Materiálatiipa: Girji
Giella:eaŋgalasgiella
Almmustuhtton: Milano Mondadori libri 2020
Ráidu:Oscar Ink
Fáddágilkorat: Lasit fáddágilkoriid
Eai fáddágilkorat, Lasit vuosttaš fáddágilkora!

MARC

LEADER 00000nam a2200000 4500
001 CDOM0000005884
003 mi
005 20251017145407.0
008 251017b |||||||| |||| 00| 0 eng d
040 |c mi 
100 |a Oseman, Alice 
245 1 |a Heartstopper  |n vol. 2 /  |c Alice Oseman 
260 |a Milano  |b Mondadori libri  |c 2020 
300 |a 558 p.  |b fumetti  |c 22 cm 
490 |a Oscar Ink 
500 |a Sul frontespizio: volume 2 
500 1 |a Heartstopper 
700 |a Matteuzzi, Francesco 
942 |2 ddc  |c BK 
952 |0 0  |1 0  |2 ddc  |4 0  |6 B_FEU02OSEALHEA11  |7 0  |9 8022  |a MI  |b MI  |d 2021-07-14  |i 6733  |l 0  |o B-FEU02-OSEAL-HEA11  |p CDOM6733  |r 2025-07-13 16:28:00  |w 2025-07-13  |x ACQUISTO  |y BK 
999 |c 6685  |d 6685